header

Economic analysis of investment operations (Record no. 19986)

MARC details
000 -LEADER
fixed length control field 01271nam a22003134a 4500
082 04 - DEWEY DECIMAL CLASSIFICATION NUMBER
Classification number 338.9/0068/4
245 00 - TITLE STATEMENT
Title Economic analysis of investment operations
260 ## - PUBLICATION, DISTRIBUTION, ETC. (IMPRINT)
Place of publication Washington, D.C. :
Name of publisher World Bank,
Year of publication c2001.
300 ## - PHYSICAL DESCRIPTION
Number of Pages xxviii, 264 p. :
Other physical details ill.
490 1# - SERIES STATEMENT
Series statement WBI development studies
650 #0 - SUBJECT ADDED ENTRY--TOPICAL TERM
Topical Term Economic development projects
700 1# - ADDED ENTRY--PERSONAL NAME
Personal name Belli, Pedro.
856 40 - ELECTRONIC LOCATION AND ACCESS
Uniform Resource Identifier http://site.ebrary.com/lib/rucke/Doc?id=5007369

No items available.

© 2026 Rongo University
Contact us: librarian | system librarian | Rongo university